Začíname podnikanie - ukončíme podnikanie a povinnosti voči miestne príslušnému správcovi dane (daňovému úradu)
Povinnosti, ktoré čakajú občana v súvislosti so začatím podnikania - na živnostenskom úrade, úrade práce, sociálnych vecí a rodiny, v zdravotnej poisťovni, na daňovom úrade. Najdôležitejšie zákony a vyhláška, súvisiace so základnými právami a povinnosťami daňového subjektu.
Salvato in:
| Autore principale: | |
|---|---|
| Natura: | Capitolo di libro |
| Lingua: | slovacco |
| Soggetti: | |
| Tags: |
Nessun Tag, puoi essere il primo ad aggiungerne!!
|
MARC
| LEADER | 00000naa$a2200000$$$4500 | ||
|---|---|---|---|
| 001 | 0024415 | ||
| 005 | 20231114082957.2 | ||
| 041 | 0 | |a slo | |
| 044 | |a SK | ||
| 245 | 1 | 0 | |a Začíname podnikanie - ukončíme podnikanie a povinnosti voči miestne príslušnému správcovi dane (daňovému úradu) |c Eva Dudášová |
| 520 | |a Povinnosti, ktoré čakajú občana v súvislosti so začatím podnikania - na živnostenskom úrade, úrade práce, sociálnych vecí a rodiny, v zdravotnej poisťovni, na daňovom úrade. Najdôležitejšie zákony a vyhláška, súvisiace so základnými právami a povinnosťami daňového subjektu. | ||
| 610 | 2 | 0 | |a podnikanie |
| 610 | 2 | 0 | |a subjekt |
| 610 | 2 | 0 | |a povinnosť daňová |
| 610 | 2 | 0 | |a zákony |
| 610 | 2 | 0 | |a vyhlášky |
| 100 | 1 | |a Dudášová, Eva | |